[Event "Saint Quentin op 5th"]
[Site "Saint Quentin"]
[Date "2002.??.??"]
[Round "5"]
[White "Acco, David"]
[Black "Djemil, Karim"]
[Result "1-0"]
[WhiteElo "1880"]
[BlackElo "1499"]
[PlyCount "109"]
[EventDate "2002.04.21"]
[EventType "swiss"]
[EventRounds "9"]
[EventCountry "FRA"]
[SourceTitle "CBM 088 Extra"]
[Source "ChessBase"]
[SourceDate "2002.07.01"]
[SourceVersion "2"]
[SourceVersionDate "2002.07.01"]
[SourceQuality "1"]

1. d4 d5 2. Nf3 c6 3. c4 dxc4 4. a4 e6 5. e3 b5 6. axb5 cxb5 7. b3 Ba6 8. bxc4 Bb4+ 9. Bd2 Bxd2+ 10. Nbxd2 Qb6 11. cxb5 Bxb5 12. Rb1 a6 13. Qb3 Nd7 14. Bxb5 axb5 15. Qxb5 Qxb5 16. Rxb5 Ra1+ 17. Rb1 Rxb1+ 18. Nxb1 Ngf6 19. Nbd2 Ke7 20. 0-0 Rc8 21. Rb1 Nd5 22. h3 Rc2 23. Rb7 Rc1+ 24. Kh2 Rc7 25. Rxc7 Nxc7 26. g4 Nd5 27. Nb1 N7f6 28. Nfd2 Nb4 29. Nc3 Kd7 30. Nde4 Ke7 31. Nxf6 Kxf6 32. Kg3 Nd3 33. Ne4+ Ke7 34. Kf3 Nc1 35. Nc3 Nb3 36. Ke2 Kd7 37. Kd1 Kc6 38. Kc2 Na5 39. Kd3 Kd6 40. e4 f6 41. f4 Nb3 42. Ne2 Kc6 43. Kc3 Na5 44. Kb4 Nb7 45. Nc3 Kd7 46. Na4 Nd6 47. Nc5+ Ke7 48. e5 Ne8 49. f5 Nc7 50. Nxe6 Nxe6 51. exf6+ Kxf6 52. fxe6 Kxe6 53. Kc5 Kd7 54. Kd5 g5 55. Ke5 1-0

[Event "Saint Quentin op 5th"]
[Site "Saint Quentin"]
[Date "2002.??.??"]
[Round "6"]
[White "Djemil, Karim"]
[Black "Rivier, Kevin"]
[Result "1-0"]
[WhiteElo "1499"]
[BlackElo "1020"]
[PlyCount "55"]
[EventDate "2002.04.21"]
[EventType "swiss"]
[EventRounds "9"]
[EventCountry "FRA"]
[SourceTitle "CBM 088 Extra"]
[Source "ChessBase"]
[SourceDate "2002.07.01"]
[SourceVersion "2"]
[SourceVersionDate "2002.07.01"]
[SourceQuality "1"]

1. e4 d5 2. exd5 Nf6 3. Bb5+ Bd7 4. Bc4 c6 5. dxc6 Bxc6 6. Nf3 e6 7. d4 Be7 8. 0-0 0-0 9. Ne5 Bd5 10. Be2 Bd6 11. c4 Be4 12. Nc3 Qc7 13. Bf4 Nc6 14. Nb5 Qb8 15. Nd7 Nxd7 16. Bxd6 Qc8 17. a3 Re8 18. Re1 e5 19. Bg4 Rd8 20. Bxd7 Qxd7 21. Rxe4 a6 22. Nc7 Rac8 23. c5 exd4 24. Qe2 Qf5 25. Re1 b5 26. Re8+ Rxe8 27. Qxe8+ Rxe8 28. Rxe8# 1-0

[Event "Saint Quentin op 5th"]
[Site "Saint Quentin"]
[Date "2002.??.??"]
[Round "4"]
[White "Dubos, Jean Luc"]
[Black "Djemil, Karim"]
[Result "1/2-1/2"]
[WhiteElo "1300"]
[BlackElo "1499"]
[PlyCount "115"]
[EventDate "2002.04.21"]
[EventType "swiss"]
[EventRounds "9"]
[EventCountry "FRA"]
[SourceTitle "CBM 088 Extra"]
[Source "ChessBase"]
[SourceDate "2002.07.01"]
[SourceVersion "2"]
[SourceVersionDate "2002.07.01"]
[SourceQuality "1"]

1. e4 d5 2. exd5 Qxd5 3. Nc3 Qa5 4. d4 c6 5. Nf3 Nf6 6. Bd2 Bg4 7. Be2 e6 8. 0-0 Nbd7 9. Ne5 Nxe5 10. dxe5 Bxe2 11. Qxe2 Nd7 12. Rfe1 0-0-0 13. Ne4 Qxe5 14. Ng5 Qf5 15. Qe4 Qxe4 16. Rxe4 Nc5 17. Re2 Rd7 18. Be3 h6 19. Nf3 Rd5 20. Rd2 Rxd2 21. Nxd2 Be7 22. Nc4 Rd8 23. Ne5 Rd5 24. Nxf7 h5 25. Re1 Rf5 26. Nh8 g5 27. Bd4 Bf6 28. Bxf6 Rxf6 29. Re5 Rf5 30. Ng6 Kd7 31. Re2 Kd6 32. Rd2+ Rd5 33. Rxd5+ cxd5 34. f3 Na4 35. b3 Nc3 36. a4 a5 37. Kf2 b5 38. axb5 Nxb5 39. Ke3 Kc5 40. Nf8 e5 41. Ne6+ Kb4 42. Kd3 g4 43. Ng5 Nc3 44. h3 e4+ 45. fxe4 gxh3 46. gxh3 dxe4+ 47. Nxe4 Nxe4 48. Kxe4 Kc3 49. Kd5 Kxc2 50. Kc4 Kb2 51. h4 Kc2 52. Kb5 Kxb3 53. Kxa5 Kc4 54. Ka4 Kd4 55. Kb4 Ke4 56. Kc4 Kf4 57. Kd4 Kg4 58. Ke4 1/2-1/2